Văn học hậu hiện đại : Lý thuyết và tiếp nhận
Gồm những bài chuyên luận về diện mạo của văn học hậu hiện đại thế giới, từ nguồn gốc, khái niệm đến khuynh hướng chính, đặc thù bút pháp... cũng như đặc trưng riêng của các thể loại như truyện kể, thơ và kịch hậu hiện đại...
Guardado en:
| Autor principal: | |
|---|---|
| Formato: | Libro |
| Lenguaje: | Undetermined |
| Publicado: |
Hà Nội
Nxb. Đại học Sư phạm
2015
|
| Materias: | |
| Etiquetas: |
Agregar Etiqueta
Sin Etiquetas, Sea el primero en etiquetar este registro!
|
| Thư viện lưu trữ: | Trung tâm Học liệu Trường Đại học Cần Thơ |
|---|
| LEADER | 01011nam a2200217Ia 4500 | ||
|---|---|---|---|
| 001 | CTU_224263 | ||
| 008 | 210402s9999 xx 000 0 und d | ||
| 020 | |c 86000 | ||
| 082 | |a 801 | ||
| 082 | |b B113 | ||
| 100 | |a Lê, Huy Bắc | ||
| 245 | 0 | |a Văn học hậu hiện đại : | |
| 245 | 0 | |b Lý thuyết và tiếp nhận | |
| 245 | 0 | |c Lê Huy Bắc | |
| 260 | |a Hà Nội | ||
| 260 | |b Nxb. Đại học Sư phạm | ||
| 260 | |c 2015 | ||
| 520 | |a Gồm những bài chuyên luận về diện mạo của văn học hậu hiện đại thế giới, từ nguồn gốc, khái niệm đến khuynh hướng chính, đặc thù bút pháp... cũng như đặc trưng riêng của các thể loại như truyện kể, thơ và kịch hậu hiện đại | ||
| 650 | |a Literature,Văn học | ||
| 650 | |x History and criticism,Lịch sử và phê bình | ||
| 980 | |a Trung tâm Học liệu Trường Đại học Cần Thơ | ||